Catálogo
 En Linea

Latinoamérica, encrucijada de culturas / (Registro nro. 15777)

Detalles MARC
000 -CABECERA
campo de control de longitud fija 01793cam a2200349 a 4500
001 - NÚMERO DE CONTROL
campo de control 000016240
003 - IDENTIFICADOR DEL NÚMERO DE CONTROL
campo de control DO-SdBNP
005 - FECHA Y HORA DE LA ÚLTIMA TRANSACCIÓN
campo de control 20251105110124.0
008 - DATOS DE LONGITUD FIJA--INFORMACIÓN GENERAL
campo de control de longitud fija 990702s1999 mx b f001 0 spa
020 ## - NÚMERO INTERNACIONAL ESTÁNDAR DEL LIBRO
Número Internacional Estándar del Libro 9686384294
035 ## - NÚMERO DE CONTROL DEL SISTEMA
Número de control de sistema (DLC) 99223151
035 ## - NÚMERO DE CONTROL DEL SISTEMA
Número de control de sistema (MxMxBFM)bm 970104777
040 ## - FUENTE DE LA CATALOGACIÓN
Centro catalogador/agencia de origen DO-SdBNP
Centro/agencia transcriptor DLC
Centro/agencia modificador DLC
043 ## - CÓDIGO DE ÁREA GEOGRÁFICA
Código de área geográfica cl-----
-- cc-----
082 #4 - NÚMERO DE LA CLASIFICACIÓN DECIMAL DEWEY
Número de clasificación 306.98
Número de documento/Ítem L357
245 00 - MENCIÓN DE TÍTULO
Título Latinoamérica, encrucijada de culturas /
Mención de responsabilidad, etc. compiladores ; Leopoldo Zea, Mario Magallón.
260 ## - PUBLICACIÓN, DISTRIBUCIÓN, ETC.
Lugar de publicación, distribución, etc. México :
Nombre del editor, distribuidor, etc. Instituto Panamericano de Geografía e Historia :
-- Fondo de Cultura Económica,
Fecha de publicación, distribución, etc. 1999.
300 ## - DESCRIPCIÓN FÍSICA
Extensión 161 p. ;
Dimensiones 21 cm.
490 1# - MENCIÓN DE SERIE
Mención de serie Latinoamérica fin de milenio ;
Designación de volumen o secuencia 1
490 1# - MENCIÓN DE SERIE
Mención de serie Tierra firme
500 ## - NOTA GENERAL
Nota general "La cultura"--Cover.
504 ## - NOTA DE BIBLIOGRAFÍA, ETC.
Nota de bibliografía, etc. Incluye referencias bibliográficas (p. 160-161).
505 0# - NOTA DE CONTENIDO CON FORMATO
Nota de contenido con formato Convergencia y especificidad de los valores culturales en América Latina y el Caribe / Leopoldo Zea -- La senda de lo imaginario : cultura y liberación en América Latina / Héctor Guillermo Alfaro López -- Aspectos históricos y culturales de América Latina y el Caribe y su relación con la realidad actual / Otto Morales Benitez -- Etica de la conflictividad en America Latina : entre la tensión y la tolerancia / Miguel Ángel Sobrino -- Utopía y realidad de la integración latinoamericana y caribeña en los albores del siglo XXI / Joaquín Santana Castillo.
650 #0 - PUNTO DE ACCESO ADICIONAL DE MATERIA--TÉRMINO DE MATERIA
Término de materia o nombre geográfico como elemento de entrada Identidad (Psicología)
9 (RLIN) 35620
651 #0 - PUNTO DE ACCESO ADICIONAL DE MATERIA--NOMBRE GEOGRÁFICO
Nombre geográfico América Latina
Subdivisión general Civilización
9 (RLIN) 16665
651 #0 - PUNTO DE ACCESO ADICIONAL DE MATERIA--NOMBRE GEOGRÁFICO
Nombre geográfico Caribe (Región)
Subdivisión general Civilización
9 (RLIN) 87401
700 1# - PUNTO DE ACCESO ADICIONAL--NOMBRE DE PERSONA
Nombre de persona Zea, Leopoldo,
Fechas asociadas al nombre 1912-
Término indicativo de función/relación comp.
9 (RLIN) 3675
700 1# - PUNTO DE ACCESO ADICIONAL--NOMBRE DE PERSONA
Nombre de persona Magallón, Mario.
Término indicativo de función/relación comp.
9 (RLIN) 19796
830 #0 - PUNTO DE ACCESO ADICIONAL DE SERIE-TÍTULO UNIFORME
Título uniforme Latinoamérica fin de milenio ;
Nombre de parte o sección de la obra tierra firme
Designación de volumen o secuencia 1
9 (RLIN) 19786
910 ## - DATOS DE OPCIÓN DEL USUARIO (OCLC)
Datos de opción del usuario Catalogación por copia / LC
942 ## - ELEMENTOS DE PUNTO DE ACCESO ADICIONAL (KOHA)
Fuente del sistema de clasificación o colocación Dewey Decimal Classification
Tipo de ítem Koha Libro
Existencias
Estado de retiro Estado de pérdida Restricciones de uso No para préstamo Código de colección Localización permanente Ubicación/localización actual Ubicación en estantería Fecha de adquisición Número de inventario Total de préstamos Signatura topográfica completa Código de barras Fecha visto por última vez Precio válido a partir de Tipo de ítem Koha
      Excluido de préstamo Monografías: Libros y Folletos General General En catalogación 01.03.2010 LF1   306.98 L357 16240-10 25.06.2020 25.06.2020 No se presta

Con tecnología Koha